[Event "Elit(Kamraterna-Upsala)"]
[Site "?"]
[Date "2009.10.16"]
[Round "1"]
[White "Lundvik, Jonas"]
[Black "Andreasson, Ingvar"]
[Result "0-1"]
[WhiteElo "2351"]
[BlackElo "2410"]
[PlyCount "134"]
[EventDate "2009.10.20"]
[SourceDate "2009.10.20"]

1. c4 Nf6 2. Nc3 g6 3. g3 Bg7 4. Bg2 O-O 5. Nf3 d6 6. O-O e5 7. d3 h6 8. h3 Re8
9. Be3 c6 10. Rc1 Na6 11. Qd2 Kh7 12. Ne4 d5 13. Nxf6+ Qxf6 14. cxd5 cxd5 15.
d4 e4 16. Ne5 Qe7 17. Qa5 f6 18. Ng4 h5 19. Nh2 Qd8 20. Qxd8 Rxd8 21. f3 f5 22.
g4 Be6 23. a3 Rdc8 24. b4 Nc7 25. a4 Na6 26. b5 Nb4 27. gxf5 gxf5 28. Bd2 Na2
29. Rxc8 Rxc8 30. e3 Rc2 31. Rf2 Nc3 32. Bxc3 Rxc3 33. Nf1 Kg6 34. Ra2 exf3 35.
Bxf3 f4 36. Rg2+ Kh6 37. Bd1 fxe3 38. Bc2 Bxd4 39. Rg6+ Kh7 40. Rxe6+ Rxc2 41.
Nxe3 Re2 42. Kf1 Rxe3 43. Rd6 Ra3 44. Rxd5 Rxa4 45. Rxh5+ Kg6 46. Rd5 b6 47.
Ke2 Bc5 48. Kd3 Rb4 49. Rd7 Rxb5 50. Rxa7 Rb4 51. Rd7 Rh4 52. Rd5 Kf6 53. Kc3
Ke6 54. Rd3 Bd6 55. Kb3 Kd7 56. Kc3 Kc6 57. Kb3 Bc5 58. Rg3 Kb5 59. Kc3 Ra4 60.
Kb2 Re4 61. Rg2 Rf4 62. Rg5 Kc4 63. Kb1 Rf1+ 64. Kc2 Rf2+ 65. Kb1 Rh2 66. Rg3
Bd4 67. Rf3 b5 0-1

[Event "Elit(Kamraterna-Upsala)"]
[Site "?"]
[Date "2009.10.16"]
[Round "1"]
[White "Hamark, Jesper"]
[Black "Johansson, Jan"]
[Result "1-0"]
[WhiteElo "2386"]
[BlackElo "2436"]
[PlyCount "93"]

1. d4 Nf6 2. c4 e6 3. Nc3 Bb4 4. e3 c5 5. Bd3 Nc6 6. Nge2 d5 7. cxd5 exd5 8. a3
cxd4 9. axb4 dxc3 10. b5 Ne5 11. Bc2 O-O 12. Nxc3 b6 13. O-O Bb7 14. Qd4 Qc7
15. b3 Nfg4 16. f4 Nd7 17. Bb2 Ngf6 18. Rfc1 Nc5 19. Na4 Qe7 20. Ba3 Nfd7 21.
Bf5 Rfe8 22. Nxc5 Nxc5 23. Bxc5 bxc5 24. Rxc5 g6 25. Bg4 Rad8 26. Rxa7 Qh4 27.
h3 Qe1+ 28. Kh2 Rxe3 29. Bf3 Rxf3 30. gxf3 Re8 31. Rc2 Bc8 32. Qf2 Qe6 33. Qg3
d4 34. Rd2 d3 35. Raa2 Qxb3 36. Rab2 Qc3 37. b6 Ba6 38. Qf2 Qc4 39. Kg3 h5 40.
h4 Re7 41. Rb1 Qc6 42. Qd4 Kh7 43. Rxd3 Bxd3 44. Qxd3 Qc5 45. Qb5 Qd6 46. b7
Qb8 47. Qc6 1-0

[Event "Elit(Kamraterna-Upsala)"]
[Site "?"]
[Date "2009.10.16"]
[Round "1"]
[White "Glimbrant, Torbjorn"]
[Black "Svensson, Bengt"]
[Result "1/2-1/2"]
[WhiteElo "2344"]
[BlackElo "2483"]
[PlyCount "30"]

1. d4 d5 2. c4 dxc4 3. Nf3 Nf6 4. e3 e6 5. Bxc4 c5 6. O-O a6 7. a4 Nc6 8. Nc3
Be7 9. Qe2 cxd4 10. Rd1 O-O 11. exd4 Nd5 12. Qe4 Nf6 13. Qe2 Nd5 14. Qe4 Nf6
15. Qe2 Nd5 1/2-1/2

[Event "Elit(Kamraterna-Upsala)"]
[Site "?"]
[Date "2009.10.16"]
[Round "1"]
[White "Svenn, Gosta"]
[Black "Andersson, Fredrik"]
[Result "1-0"]
[WhiteElo "2376"]
[BlackElo "2336"]
[PlyCount "75"]

1. d4 Nf6 2. c4 g6 3. Nc3 Bg7 4. e4 d6 5. Nf3 O-O 6. Be2 e5 7. O-O Nc6 8. d5
Ne7 9. Ne1 Nd7 10. Nd3 f5 11. a4 Nf6 12. f3 f4 13. c5 c6 14. cxd6 Qxd6 15. b3
cxd5 16. Ba3 Qd8 17. Rc1 Re8 18. Nxe5 Nc6 19. Nxc6 bxc6 20. exd5 Qb6+ 21. Kh1
cxd5 22. Nb5 Ba6 23. Bc5 Qd8 24. Bf2 Nh5 25. Qd2 Qg5 26. g4 Nf6 27. Rfe1 Re3
28. Nc7 Bxe2 29. Rxe2 Rxe2 30. Qxe2 Rb8 31. Ne6 Re8 32. h4 Qh6 33. g5 Qh5 34.
Rc7 Bh8 35. Kg2 Ne4 36. Qb5 Nd6 37. Qd7 Be5 38. Ng7 1-0

[Event "Elit(Kamraterna-Upsala)"]
[Site "?"]
[Date "2009.10.16"]
[Round "1"]
[White "Marttala, Thomas"]
[Black "Aberg, Anton"]
[Result "0-1"]
[WhiteElo "2265"]
[BlackElo "2403"]
[PlyCount "100"]

1. e4 d6 2. d4 Nf6 3. Nc3 e5 4. Nf3 Nbd7 5. g3 Be7 6. Bg2 O-O 7. O-O Re8 8. Re1
Bf8 9. h3 c6 10. Be3 b5 11. a3 Bb7 12. Nh2 a6 13. Ng4 Qc7 14. Nxf6+ Nxf6 15.
dxe5 dxe5 16. Qe2 a5 17. Rad1 Nd7 18. h4 Nc5 19. Qf3 Bc8 20. Kh2 Be6 21. Bh3
Bxh3 22. Kxh3 Ne6 23. Kg2 Bc5 24. Bxc5 Nxc5 25. Qe3 Ne6 26. Rd2 Rad8 27. Rxd8
Rxd8 28. Rd1 Rd4 29. Rd3 Qd7 30. Ne2 Rxd3 31. cxd3 a4 32. f4 f6 33. f5 Nd4 34.
Nxd4 Qxd4 35. Qe2 Kf8 36. Qc2 c5 37. Kf3 h5 38. Kg2 Ke7 39. Kf3 Kd6 40. Kg2 Qe3
41. Qd1 Qd4 42. Qc2 Kc6 43. Kf1 Kb6 44. Ke2 Ka5 45. Kf3 Kb6 46. Ke2 b4 47. Kf3
Kb5 48. Ke2 c4 49. dxc4+ Qxc4+ 50. Qd3 Qxd3+ 0-1

[Event "Elit(Kamraterna-Upsala)"]
[Site "?"]
[Date "2009.10.16"]
[Round "1"]
[White "Andersson, Michael"]
[Black "Burwick, Malte"]
[Result "1/2-1/2"]
[WhiteElo "2214"]
[BlackElo "2280"]
[PlyCount "31"]

1. d4 g6 2. Nf3 Bg7 3. g3 Nf6 4. Bg2 O-O 5. O-O d6 6. Nc3 Nbd7 7. d5 e5 8. dxe6
fxe6 9. Nd4 Nb6 10. a4 e5 11. Ndb5 a6 12. Na3 a5 13. e4 Be6 14. Be3 Nc4 15.
Nxc4 Bxc4 16. Re1 1/2-1/2

[Event "Elit(Kamraterna-Upsala)"]
[Site "?"]
[Date "2009.10.16"]
[Round "1"]
[White "Lindberg, Henrik"]
[Black "Akbarinia, Arash"]
[Result "1/2-1/2"]
[WhiteElo "2280"]
[BlackElo "2342"]
[PlyCount "81"]

1. e4 d5 2. exd5 Qxd5 3. Nc3 Qd6 4. d4 Nf6 5. Nf3 a6 6. Bc4 Bg4 7. h3 Bh5 8.
Be3 Nbd7 9. Qd2 Bxf3 10. gxf3 Nb6 11. Bd3 e6 12. Ne4 Qc6 13. Nxf6+ gxf6 14. Qe2
Bb4+ 15. Kf1 O-O-O 16. c4 Be7 17. Rc1 Kb8 18. Be4 Qa4 19. b3 Qa5 20. f4 f5 21.
Bf3 Bf6 22. Rd1 Nc8 23. d5 Ne7 24. dxe6 fxe6 25. Rxd8+ Rxd8 26. Bh5 e5 27. Kg2
Ng6 28. Bxg6 hxg6 29. fxe5 Qxe5 30. Rd1 Qe4+ 31. f3 Qe7 32. Rxd8+ Qxd8 33. Qd2
Qe7 34. Bf4 g5 35. Be3 Qe5 36. Bxg5 Bxg5 37. Qxg5 Qb2+ 38. Kg3 Qe5+ 39. Kg2
Qb2+ 40. Kg3 Qe5+ 41. Kg2 1/2-1/2

[Event "Elit(Kamraterna-Upsala)"]
[Site "?"]
[Date "2009.10.16"]
[Round "1"]
[White "Nyberg, Ulf"]
[Black "Cederberg, Karl Olof"]
[Result "1-0"]
[WhiteElo "2141"]
[BlackElo "2203"]
[PlyCount "138"]

1. d4 d6 2. Nf3 Bg4 3. e3 Nd7 4. c4 e5 5. Nc3 Ngf6 6. Be2 c6 7. O-O Be7 8. b4
O-O 9. a4 a5 10. b5 Re8 11. Ba3 Bf8 12. dxe5 dxe5 13. Bxf8 Nxf8 14. Nd2 Bf5 15.
Bf3 e4 16. Be2 Qe7 17. Nb3 Ne6 18. Qc1 Nd7 19. Nd4 Qg5 20. Nxf5 Qxf5 21. f3
Nec5 22. fxe4 Qe6 23. Qc2 Ne5 24. Nd1 Rad8 25. Nf2 h6 26. Rfd1 Ng6 27. Rxd8
Rxd8 28. Rd1 Rxd1+ 29. Bxd1 Ne5 30. Be2 Qd6 31. h3 Qf6 32. Nd1 Qg6 33. Nc3 Qg5
34. Qd2 Kh7 35. Kh2 Ne6 36. Bf1 Ng6 37. Nd1 Qe5+ 38. Kg1 Qxe4 39. Bd3 Qe5 40.
Qxa5 Qa1 41. Bc2 Qe5 42. Qc3 Qg3 43. bxc6 bxc6 44. a5 Kg8 45. Bxg6 Qxg6 46. Nf2
Qb1+ 47. Kh2 Qb8+ 48. g3 Nc5 49. Kg2 Qa8 50. Qb4 Na6 51. Qd6 Qe8 52. e4 Qc8 53.
Nd3 Qe8 54. e5 Qc8 55. Nf4 Qf5 56. Qd8+ Kh7 57. Qd3 Qxd3 58. Nxd3 Kg6 59. Kf3
Kf5 60. g4+ Ke6 61. Ke4 c5 62. Nf4+ Kd7 63. Kd5 Kc7 64. e6 f6 65. Nd3 Nb4+ 66.
Nxb4 cxb4 67. Kd4 g6 68. a6 b3 69. Kc3 f5 1-0

[Event "Elit(Team Viking-Vasteras)"]
[Site "?"]
[Date "2009.10.16"]
[Round "1"]
[White "Akesson, Ralf"]
[Black "Agrest, Evgenij"]
[Result "1/2-1/2"]
[WhiteElo "2504"]
[BlackElo "2699"]
[PlyCount "75"]

1. Nf3 d5 2. d4 Nf6 3. c4 c6 4. e3 Bf5 5. Nc3 e6 6. Nh4 Bg6 7. Be2 Nbd7 8. O-O
Ne4 9. g3 Nd6 10. b3 Be7 11. Nxg6 hxg6 12. Bb2 Nf6 13. Bd3 Qd7 14. Qe2 O-O-O
15. Rad1 Rh3 16. f4 Rdh8 17. Rf2 Nf5 18. Qf3 Nh4 19. Qe2 Nf5 20. Qf3 Bb4 21. c5
Bxc3 22. Bxc3 Ne4 23. Bxe4 dxe4 24. Qxe4 Qd5 25. Qxd5 exd5 26. Re1 Nh6 27. Rb2
Ng4 28. Ree2 Re8 29. Bd2 f6 30. a4 Re4 31. b4 Rh8 32. Rb3 g5 33. fxg5 fxg5 34.
b5 Rhe8 35. Re1 Rh8 36. Re2 Rhe8 37. Re1 Rh8 38. Re2 1/2-1/2

[Event "Elit(Team Viking-Vasteras)"]
[Site "?"]
[Date "2009.10.16"]
[Round "1"]
[White "Carlsson, Pontus"]
[Black "Eriksson, Anders"]
[Result "1-0"]
[WhiteElo "2601"]
[BlackElo "2402"]
[PlyCount "51"]

1. e4 c6 2. d4 d5 3. e5 Bf5 4. Nf3 e6 5. Be2 Nd7 6. O-O Ne7 7. Nbd2 Nc8 8. c3
Be7 9. Ne1 f6 10. f4 fxe5 11. fxe5 O-O 12. Bd3 Qb6 13. Bxf5 Rxf5 14. Rxf5 exf5
15. Nd3 Nf8 16. Nb3 Ne6 17. g4 fxg4 18. Qxg4 c5 19. Bh6 Bf8 20. Rf1 cxd4 21.
cxd4 Ne7 22. Rf6 Ng6 23. Rxe6 Qb5 24. Nf4 gxh6 25. Nxg6 hxg6 26. Rxg6+ 1-0

[Event "Elit(Team Viking-Vasteras)"]
[Site "?"]
[Date "2009.10.16"]
[Round "1"]
[White "Sjodahl, Pontus"]
[Black "Ivanov, Sergej"]
[Result "0-1"]
[WhiteElo "2488"]
[BlackElo "2594"]
[PlyCount "88"]

1. d4 Nf6 2. c4 e6 3. Nf3 d5 4. g3 dxc4 5. Qa4+ c6 6. Qxc4 b5 7. Qb3 Nbd7 8.
Bg2 Bb7 9. O-O a6 10. a4 c5 11. axb5 Bd5 12. Qc2 Be4 13. Qd1 axb5 14. Rxa8 Qxa8
15. Nbd2 Bd5 16. dxc5 Bxc5 17. Ne1 h5 18. Bxd5 Qxd5 19. Qb3 Qf5 20. Qf3 O-O 21.
Nd3 Bb6 22. Rd1 Qg4 23. Kg2 Rc8 24. Qxg4 hxg4 25. f3 Nd5 26. Nf1 f5 27. Bd2
gxf3+ 28. Kxf3 e5 29. Kg2 Re8 30. Nf2 N7f6 31. e3 Ra8 32. h3 Ra2 33. Rb1 e4 34.
Nd1 Kf7 35. Kf2 g5 36. Ke2 Bc7 37. Rc1 Be5 38. Rc5 b4 39. Ke1 Ke6 40. Rb5 Bd6
41. Ke2 Ra7 42. Be1 Kd7 43. Nd2 Kc6 44. Nc4 Bc7 0-1

[Event "Elit(Team Viking-Vasteras)"]
[Site "?"]
[Date "2009.10.16"]
[Round "1"]
[White "Cramling, Pia"]
[Black "Nilsson, Andre"]
[Result "1-0"]
[WhiteElo "2576"]
[BlackElo "2328"]
[PlyCount "79"]

1. d4 g6 2. c4 Bg7 3. Nf3 Nf6 4. Nc3 O-O 5. Bg5 d6 6. e3 c6 7. Be2 a6 8. a3 b5
9. Nd2 Nbd7 10. Bf3 Qb6 11. O-O Bb7 12. Rc1 h6 13. Bh4 Rac8 14. b4 c5 15. bxc5
dxc5 16. d5 b4 17. Na4 Qa5 18. e4 g5 19. Bg3 Nb6 20. Nxb6 Qxb6 21. e5 Nd7 22.
Re1 e6 23. a4 Rcd8 24. Nb3 Rfe8 25. a5 Qc7 26. d6 Qc8 27. h4 f5 28. exf6 Bxf6
29. Bxb7 Qxb7 30. Qd3 Kg7 31. h5 Kh8 32. Qg6 Bg7 33. Rxe6 Rxe6 34. Qxe6 Qc6 35.
Re1 Nf6 36. Qf7 Ng8 37. Qc7 Qa8 38. Qxc5 Rc8 39. Qxb4 Rb8 40. Qa4 1-0

[Event "Elit(Team Viking-Vasteras)"]
[Site "?"]
[Date "2009.10.16"]
[Round "1"]
[White "Norberg, Johan"]
[Black "Ernst, Thomas"]
[Result "1/2-1/2"]
[WhiteElo "2333"]
[BlackElo "2499"]
[PlyCount "47"]
[EventDate "2009.??.??"]

1. e4 c5 2. Nf3 e6 3. c3 Nf6 4. e5 Nd5 5. d4 cxd4 6. cxd4 b6 7. Nc3 Nxc3 8.
bxc3 Bb7 9. Bd3 Be7 10. Qe2 d6 11. exd6 Qxd6 12. a4 Qc7 13. O-O Nd7 14. Bg5
Bxg5 15. Nxg5 Nf6 16. Bb5+ Ke7 17. Rfe1 Rhd8 18. a5 h6 19. Nf3 Qxc3 20. Ne5
Rdc8 21. Ng6+ Kd8 22. Ne5 Ke7 23. Ng6+ Kd8 24. Ne5 1/2-1/2

[Event "Elit(Team Viking-Vasteras)"]
[Site "?"]
[Date "2009.10.16"]
[Round "1"]
[White "Sagit, Rauan"]
[Black "Norberg, Erik"]
[Result "1-0"]
[WhiteElo "2444"]
[BlackElo "2263"]
[PlyCount "65"]

1. e4 d6 2. d4 Nf6 3. Nc3 g6 4. h3 Bg7 5. Bg5 O-O 6. Nf3 c5 7. Be2 cxd4 8. Nxd4
Nc6 9. Nb3 Bd7 10. Qd2 Rc8 11. O-O a6 12. Rad1 b5 13. Qe3 Ne5 14. Rd4 Be6 15.
Rd2 Bc4 16. Bd3 b4 17. Ne2 a5 18. Nbd4 Qb6 19. Nf5 Qxe3 20. Nxe7+ Kh8 21. fxe3
Rce8 22. Bxf6 Bxf6 23. Rxf6 Rxe7 24. Rxd6 Bxa2 25. b3 Nxd3 26. cxd3 Bxb3 27.
Nd4 Be6 28. Ra6 Rb8 29. Nc6 Reb7 30. Nxb8 Rxb8 31. Rxa5 b3 32. Rb2 Rc8 33. g4
1-0

[Event "Elit(Team Viking-Vasteras)"]
[Site "?"]
[Date "2009.10.16"]
[Round "1"]
[White "Sandberg, Richard"]
[Black "Volodin, Aleksandr"]
[Result "0-1"]
[WhiteElo "2265"]
[BlackElo "2429"]
[PlyCount "50"]

1. e4 c5 2. Nf3 e6 3. d4 cxd4 4. Nxd4 Nc6 5. Nc3 Qc7 6. Be3 Nf6 7. Bd3 a6 8.
O-O Be7 9. Nxc6 dxc6 10. a4 O-O 11. f4 e5 12. f5 Qa5 13. Kh1 Qb4 14. a5 Rd8 15.
Na4 Bf8 16. Bg5 Be7 17. Nb6 Rb8 18. Nc4 Nxe4 19. c3 Qxc4 20. Bxc4 Rxd1 21.
Raxd1 Bxg5 22. Rde1 Nd2 23. Rxe5 Bd7 24. f6 Bxf6 25. Rxf6 gxf6 0-1

[Event "Elit(Team Viking-Vasteras)"]
[Site "?"]
[Date "2009.10.16"]
[Round "1"]
[White "Lindberg, Bo"]
[Black "Janse, Rasmus"]
[Result "1-0"]
[WhiteElo "2419"]
[BlackElo "2256"]
[PlyCount "53"]

1. d4 e6 2. Nf3 Nf6 3. c4 c5 4. e3 cxd4 5. exd4 d5 6. Nc3 Bb4 7. Bd3 a6 8. c5
O-O 9. O-O b6 10. cxb6 Qxb6 11. Na4 Qc7 12. a3 Bd6 13. b4 Nc6 14. Bb2 g5 15.
Re1 Ng4 16. Nxg5 Bxh2+ 17. Kf1 Nxf2 18. Qh5 f5 19. Kxf2 Bg3+ 20. Kg1 Bxe1 21.
Rxe1 Rf6 22. Nc5 Nd8 23. Re3 Rg6 24. Bxf5 Qf4 25. Qxh7+ Kf8 26. Rf3 Qxf3 27.
Nxf3 1-0

[Event "Elit(Farsta-Manhem)"]
[Site "?"]
[Date "2009.10.16"]
[Round "1"]
[White "Welin, Mats"]
[Black "Ong, Kezli"]
[Result "1/2-1/2"]
[WhiteElo "2360"]
[BlackElo "2301"]
[PlyCount "101"]

1. e4 e5 2. Nf3 Nc6 3. Bb5 a6 4. Ba4 Nf6 5. O-O Be7 6. Re1 b5 7. Bb3 O-O 8. a4
Bb7 9. d3 d6 10. Nbd2 Na5 11. Ba2 c5 12. Nf1 Bc8 13. axb5 axb5 14. Bd2 b4 15.
c3 bxc3 16. Bxc3 Bd7 17. b4 cxb4 18. Bxb4 Nc6 19. Bc3 Qc8 20. Ng3 Be6 21. Bxe6
Qxe6 22. Nf5 Rxa1 23. Qxa1 g6 24. Nxe7+ Qxe7 25. Qa6 Qd7 26. Rc1 Rc8 27. Bxe5
dxe5 28. Nxe5 Ne7 29. Rc4 Rxc4 30. Qxc4 Qe6 31. Qxe6 fxe6 32. f3 Kf8 33. Kf2
Ke8 34. Ke3 Nd7 35. Kd4 Nc8 36. Nc4 Ke7 37. f4 Nd6 38. Nxd6 Kxd6 39. Ke3 Kc5
40. g4 Nf6 41. h3 Ne8 42. d4+ Kc4 43. f5 gxf5 44. exf5 exf5 45. Kf4 fxg4 46.
hxg4 Kxd4 47. Kg5 Ke5 48. Kh6 Nf6 49. g5 Kf5 50. gxf6 Kxf6 51. Kxh7 1/2-1/2

[Event "Elit(Farsta-Manhem)"]
[Site "?"]
[Date "2009.10.16"]
[Round "1"]
[White "Livner, Anders"]
[Black "Akesson, Joel"]
[Result "1/2-1/2"]
[WhiteElo "2396"]
[BlackElo "2386"]
[PlyCount "80"]

1. d4 d5 2. c4 c6 3. Nf3 Nf6 4. e3 Bf5 5. Nc3 e6 6. Nh4 Bg6 7. Nxg6 hxg6 8. g3
Nbd7 9. Bg2 dxc4 10. Qe2 Nb6 11. O-O Be7 12. Rd1 O-O 13. e4 Re8 14. h4 Nfd7 15.
h5 g5 16. e5 Nf8 17. Ne4 f5 18. exf6 gxf6 19. Nc5 Qc8 20. Bh3 f5 21. Bf1 Bf6
22. a4 a5 23. Qc2 Nfd7 24. Bxc4 Nxc4 25. Qxc4 Nxc5 26. dxc5 Qc7 27. Ra3 Rad8
28. Rxd8 Qxd8 29. Rd3 Qe7 30. b3 Qh7 31. Rd6 Qxh5 32. Rxe6 Kg7 33. Rxe8 Qxe8
34. Bd2 Qd8 35. Bc3 Bxc3 36. Qxc3+ Kg6 37. Qe1 Kf6 38. Qc3+ Kg6 39. Qe1 Kf6 40.
Qc3+ Kg6 1/2-1/2

[Event "Elit(Farsta-Manhem)"]
[Site "?"]
[Date "2009.10.16"]
[Round "1"]
[White "Nithander, Victor"]
[Black "Magnusson, Jorgen"]
[Result "1/2-1/2"]
[WhiteElo "2507"]
[BlackElo "2290"]
[PlyCount "68"]
[SourceDate "2009.10.20"]

1. e4 d5 2. exd5 Qxd5 3. Nc3 Qa5 4. d4 Nf6 5. Bc4 c6 6. Nf3 Bf5 7. Bd2 e6 8.
Nd5 Qd8 9. Nxf6+ gxf6 10. Qe2 Bxc2 11. O-O Bg6 12. Rfe1 Be7 13. Bxe6 fxe6 14.
Qxe6 Qd7 15. Bb4 c5 16. Bxc5 Nc6 17. Qxf6 Rf8 18. Qh4 Rxf3 19. gxf3 Kf7 20.
Bxe7 Nxe7 21. Qf4+ Kg8 22. Rac1 Nd5 23. Qg4 Rd8 24. h4 Nf6 25. Qg5 Qxd4 26. Rc7
Kh8 27. Re6 Rf8 28. Qe5 Qxh4 29. Rxb7 Bf5 30. Qxf5 Rg8+ 31. Kf1 Qc4+ 32. Re2
Qc1+ 33. Re1 Qc4+ 34. Re2 Qc1+ 1/2-1/2

[Event "Elit(Farsta-Manhem)"]
[Site "?"]
[Date "2009.10.16"]
[Round "1"]
[White "Hjelm, Niclas"]
[Black "Carlhammar, Magnus"]
[Result "1-0"]
[WhiteElo "2384"]
[BlackElo "2331"]
[PlyCount "111"]

1. d4 d6 2. Nf3 Nf6 3. c4 Nbd7 4. Nc3 e5 5. e4 Be7 6. Be2 O-O 7. O-O c6 8. Qc2
a6 9. Rd1 Qc7 10. Be3 Re8 11. Rac1 Ng4 12. Bd2 Ngf6 13. h3 Nf8 14. Be3 Ng6 15.
b4 h6 16. c5 exd4 17. Bxd4 dxc5 18. bxc5 Be6 19. Na4 Rad8 20. Nb6 Nd7 21. Be3
Nge5 22. Nxe5 Nxb6 23. Rxd8 Bxd8 24. Nxc6 Qxc6 25. cxb6 Qd6 26. Rd1 Qb4 27. Bc5
Qa5 28. a3 Bxb6 29. Bxb6 Qxb6 30. Rb1 Qa5 31. Rxb7 Qxa3 32. Qc7 a5 33. Kh2 Qa2
34. Bb5 Rc8 35. Qg3 Qa1 36. Bd7 Rc1 37. Qb8+ Kh7 38. Bxe6 Rh1+ 39. Kg3 Qc3+ 40.
f3 fxe6 41. Qc7 Qf6 42. Qf4 Qa1 43. e5 Qe1+ 44. Kg4 Qc1 45. Qe4+ Kg8 46. Qg6
Qg5+ 47. Qxg5 hxg5 48. Kxg5 Kh7 49. h4 Rc1 50. Ra7 Rc2 51. g4 Rc8 52. Rxa5 Rf8
53. f4 Rf7 54. h5 Rb7 55. Ra6 Re7 56. Ra8 1-0

[Event "Elit(Farsta-Manhem)"]
[Site "?"]
[Date "2009.10.16"]
[Round "1"]
[White "Fendrich, David"]
[Black "Jaderberg, Bjorn"]
[Result "0-1"]
[WhiteElo "2284"]
[BlackElo "2226"]
[PlyCount "100"]

1. Nf3 Nf6 2. c4 c5 3. Nc3 g6 4. g3 Bg7 5. Bg2 O-O 6. O-O Nc6 7. d4 cxd4 8.
Nxd4 Nxd4 9. Qxd4 d6 10. Qd3 Nd7 11. b3 Nc5 12. Qd2 a5 13. Bb2 Bd7 14. Rfd1 Bc6
15. Nd5 Bxd5 16. Bxg7 Kxg7 17. Qxd5 Qc7 18. Rd4 h5 19. Bf3 e5 20. Qxd6 Rfc8 21.
Qxc7 Rxc7 22. Rd5 e4 23. Bg2 a4 24. Rb1 axb3 25. axb3 Ra2 26. b4 Na4 27. Rc1
Rxe2 28. c5 Rb2 29. Rd4 f5 30. Bf1 Rb3 31. Rcd1 Kh6 32. Ra1 Nc3 33. Ra8 Rb1 34.
Kg2 Rb2 35. Re8 h4 36. gxh4 Rf7 37. Bc4 Rh7 38. Bg8 Rg7 39. Be6 e3 40. Rh8+ Rh7
41. Rxh7+ Kxh7 42. Rd7+ Kh8 43. Bc4 Rxf2+ 44. Kh3 Rf3+ 45. Kg2 Rf2+ 46. Kh3 Rf4
47. Bd3 Rxb4 48. Kg2 e2 49. Re7 Re4 50. Rxe4 fxe4 0-1

[Event "Elit(Farsta-Manhem)"]
[Site "?"]
[Date "2009.10.16"]
[Round "1"]
[White "Svensk, Ingemar"]
[Black "Moberg, Karl Johan"]
[Result "0-1"]
[WhiteElo "2257"]
[BlackElo "2309"]
[PlyCount "76"]

1. e4 e5 2. Nf3 Nc6 3. Nc3 Nf6 4. h3 Bb4 5. Bd3 d6 6. a3 Ba5 7. b4 Bb6 8. Na4
Ne7 9. O-O Ng6 10. Nxb6 axb6 11. Re1 Bd7 12. Bf1 Bc6 13. d4 Bxe4 14. Bg5 Bxf3
15. Qxf3 c6 16. Rad1 Qe7 17. b5 e4 18. Qb3 O-O 19. f3 d5 20. a4 h6 21. Bxf6
Qxf6 22. fxe4 dxe4 23. Rxe4 Rfe8 24. Rxe8+ Rxe8 25. bxc6 bxc6 26. Qxb6 Nf4 27.
a5 Ne2+ 28. Bxe2 Rxe2 29. Qb8+ Kh7 30. Qg3 g6 31. c3 Ra2 32. Rf1 Qe6 33. Kh2
Rxa5 34. Qc7 Rf5 35. Rxf5 Qxf5 36. Qxc6 Qf4+ 37. Kg1 Qe3+ 38. Kf1 Qd3+ 0-1

[Event "Elit(Farsta-Manhem)"]
[Site "?"]
[Date "2009.10.16"]
[Round "1"]
[White "Kinnmark, Ove"]
[Black "Wieweg, Johnny"]
[Result "1/2-1/2"]
[WhiteElo "2265"]
[BlackElo "2203"]
[PlyCount "40"]

1. e4 e5 2. Nf3 Nc6 3. Bb5 Nd4 4. Bc4 Nxf3+ 5. Qxf3 Qf6 6. Qxf6 Nxf6 7. d3 d6
8. f4 exf4 9. Bxf4 Be7 10. O-O O-O 11. Nc3 Be6 12. Bb3 c6 13. d4 Bxb3 14. axb3
a6 15. Rae1 Rad8 16. Re2 Rfe8 17. Rfe1 Nh5 18. Be3 g6 19. g3 Ng7 20. Kg2 f6
1/2-1/2

[Event "Elit(Farsta-Manhem)"]
[Site "?"]
[Date "2009.10.16"]
[Round "1"]
[White "Lindeman, Sven"]
[Black "Liljedahl, Lennart"]
[Result "1/2-1/2"]
[WhiteElo "2220"]
[BlackElo "2235"]
[PlyCount "66"]

1. e4 d5 2. exd5 Qxd5 3. Nc3 Qa5 4. d4 Nf6 5. Nf3 Bg4 6. h3 Bxf3 7. Qxf3 c6 8.
Bd2 Qb6 9. O-O-O e6 10. Bf4 Nbd7 11. g4 Qa5 12. Kb1 Bb4 13. Ne4 Nxe4 14. Qxe4
Qd5 15. Bd3 Qxe4 16. Bxe4 Ke7 17. c4 Bd6 18. Bd2 Rae8 19. f4 h5 20. f5 hxg4 21.
hxg4 Nf6 22. Bf3 exf5 23. gxf5 Kd7 24. Rdg1 Rxh1 25. Rxh1 Ne4 26. Bc1 Ng3 27.
Rh7 Nxf5 28. Bg4 Ke6 29. Rxg7 Kf6 30. Rh7 Nxd4 31. Bh5 Re7 32. Rh6+ Ke5 33. Bg5
Re6 1/2-1/2

[Event "Elit(Rockaden,Sthlm-Eksjo)"]
[Site "?"]
[Date "2009.10.16"]
[Round "1"]
[White "Cicak, Slavko"]
[Black "Barkhagen, Jonas"]
[Result "1/2-1/2"]
[WhiteElo "2596"]
[BlackElo "2529"]
[PlyCount "55"]

1. c4 e5 2. Nc3 Nf6 3. Nf3 Nc6 4. a3 g6 5. d3 Bg7 6. g3 O-O 7. Bg2 d6 8. O-O h6
9. Ne1 Be6 10. Nd5 Nh5 11. Nc2 Nd4 12. Nxd4 exd4 13. b4 c6 14. Nf4 Nxf4 15.
Bxf4 Qd7 16. c5 dxc5 17. bxc5 Bd5 18. Bxd5 Qxd5 19. Rb1 b5 20. cxb6 axb6 21.
Rxb6 Rxa3 22. Qc1 Ra2 23. Qxc6 Qxc6 24. Rxc6 g5 25. Bd6 Re8 26. Re1 Rexe2 27.
Rxe2 Rxe2 28. Ra6 1/2-1/2

[Event "Elit(Rockaden,Sthlm-Eksjo)"]
[Site "?"]
[Date "2009.10.16"]
[Round "1"]
[White "Bator, Robert"]
[Black "Vernersson, Per"]
[Result "1-0"]
[WhiteElo "2484"]
[BlackElo "2465"]
[PlyCount "55"]

1. d4 d5 2. Nf3 Nf6 3. c4 dxc4 4. e3 e6 5. Bxc4 c5 6. O-O a6 7. Bb3 Nc6 8. Nc3
Qc7 9. Qe2 Bd6 10. dxc5 Bxc5 11. Bd2 O-O 12. Rac1 Qe7 13. e4 Nd4 14. Nxd4 Bxd4
15. e5 Nd7 16. Bf4 Nc5 17. Bc2 Bxc3 18. bxc3 Qh4 19. Qe3 b6 20. Rb1 Rb8 21. Bg5
Qh5 22. Be7 Nd7 23. Rb4 Qxe5 24. Qxe5 Nxe5 25. Bd6 Nd7 26. Bxb8 Nxb8 27. Rxb6
Nd7 28. Rc6 1-0

[Event "Elit(Rockaden,Sthlm-Eksjo)"]
[Site "?"]
[Date "2009.10.16"]
[Round "1"]
[White "Ornstein, Axel"]
[Black "Blomqvist, Erik"]
[Result "1-0"]
[WhiteElo "2432"]
[BlackElo "2477"]
[PlyCount "73"]

1. Nf3 d5 2. c4 e6 3. d4 Nf6 4. Bg5 Be7 5. e3 h6 6. Bh4 O-O 7. cxd5 exd5 8. Bd3
Ne4 9. Bxe7 Qxe7 10. Nc3 Nxc3 11. bxc3 c5 12. dxc5 Qxc5 13. Qb3 Nc6 14. O-O b6
15. h3 Be6 16. Nd4 Rac8 17. Nxe6 fxe6 18. Rac1 Ne5 19. Bb1 Rf6 20. Qc2 Nc4 21.
Rfd1 Na3 22. Qh7+ Kf7 23. Bd3 Qf8 24. e4 dxe4 25. Qxe4 Qc5 26. Rd2 Rc7 27. Rcd1
Nb5 28. Bxb5 Qxb5 29. Rd3 Re7 30. R1d2 Qf5 31. Qa8 Qc5 32. Rg3 e5 33. Qh8 Rg6
34. Rf3+ Rf6 35. Rxf6+ gxf6 36. Rd8 Ke6 37. Qg8+ 1-0

[Event "Elit(Rockaden,Sthlm-Eksjo)"]
[Site "?"]
[Date "2009.10.16"]
[Round "1"]
[White "Hermansson, Emil"]
[Black "de Verdier, Michael"]
[Result "1/2-1/2"]
[WhiteElo "2453"]
[BlackElo "2325"]
[PlyCount "108"]

1. Nf3 Nf6 2. g3 b6 3. d4 Bb7 4. Bg2 e6 5. c4 Bb4+ 6. Bd2 Bxd2+ 7. Nbxd2 d6 8.
O-O O-O 9. Re1 c5 10. e4 cxd4 11. Nxd4 a6 12. Rc1 Qc7 13. b4 Nc6 14. Nxc6 Qxc6
15. Nb3 Rfd8 16. Nd4 Qc7 17. Qe2 Rac8 18. Red1 Qb8 19. Nb3 Qa8 20. f3 a5 21.
bxa5 bxa5 22. Qd2 a4 23. Nd4 Qa7 24. Kh1 Qc5 25. Nb5 Ba6 26. Bf1 h6 27. Kg2 Ne8
28. Qa5 Ra8 29. Qd2 Rac8 30. Qf2 Kf8 31. Bd3 Ke7 32. Qc2 Ra8 33. Qb2 Rab8 34.
Qc2 Ra8 35. Qb2 Rab8 36. Rb1 Rdc8 37. Qb4 Qxb4 38. Rxb4 d5 39. exd5 exd5 40.
cxd5 Rc5 41. Re4+ Kd7 42. Nd4 Bxd3 43. Rxd3 Rxd5 44. Nb3 Rxd3 45. Nc5+ Kc7 46.
Nxd3 Rd8 47. Nf4 Ra8 48. Re7+ Kd6 49. Rxf7 Rc8 50. a3 Rc3 51. Rf8 Nf6 52. Rf7
Ne8 53. Rf8 Nf6 54. Rf7 Ne8 1/2-1/2

[Event "Elit(Rockaden,Sthlm-Eksjo)"]
[Site "?"]
[Date "2009.10.16"]
[Round "1"]
[White "Krantz, Christopher"]
[Black "Hedman, Erik"]
[Result "0-1"]
[WhiteElo "2288"]
[BlackElo "2419"]
[PlyCount "72"]

1. e4 c5 2. Nf3 d6 3. Bb5+ Nd7 4. d4 cxd4 5. Qxd4 e5 6. Qd3 h6 7. O-O Ngf6 8.
c4 a6 9. Bxd7+ Bxd7 10. Nc3 Be7 11. a4 O-O 12. Rd1 b6 13. b3 Bc6 14. Ba3 Qe8
15. Qe2 Rd8 16. Ne1 Qd7 17. Nc2 Qb7 18. f3 Nh5 19. Ne3 Nf4 20. Qf1 g6 21. Ned5
f5 22. Nxf4 exf4 23. exf5 Rxf5 24. Rd3 b5 25. cxb5 axb5 26. axb5 Bxb5 27. Nxb5
Rxb5 28. Qd1 Bf6 29. Ra2 Qa7+ 30. Kh1 Re8 31. Rxd6 Rbe5 32. Bb4 Qxa2 33. Rxf6
Qf2 34. Rxg6+ Kh7 35. Rxh6+ Kxh6 36. Qd6+ Kg5 0-1